| 000 | 00447nam a22001577a 4500 | ||
|---|---|---|---|
| 005 | 20251201102804.0 | ||
| 008 | 251201b |||||||| |||| 00| 0 eng d | ||
| 020 | _a978-9914-9859-6-2 | ||
| 050 |
_aPR 821 .N 93 2020 _b1 |
||
| 100 | _aNYAMWANGE, ALFRED NYAGAKA | ||
| 245 | _aTHE BLOOD STAINS | ||
| 260 |
_aNAIROBI, _bThe Writers Pen, Kisii, _c 2024, |
||
| 300 | _aV, 190 P, ILL | ||
| 650 | _aKenyan fiction (English), Novels | ||
| 942 |
_2lcc _cREF |
||
| 999 |
_c216317 _d216317 |
||